logo

Bir Sreshtho Munshi Abdur Rouf Library
Jhenaidah Cadet College

Woman in India / (Record no. 10309)

MARC details
000 -LEADER
fixed length control field 00751nam a22002417a 4500
001 - CONTROL NUMBER
JCCL Control Number 10309
003 - CONTROL NUMBER IDENTIFIER
JCCL marc code BD-JhCC
005 - DATE AND TIME OF LATEST TRANSACTION
control field 20180520123352.0
008 - FIXED-LENGTH DATA ELEMENTS--GENERAL INFORMATION
fixed length control field 180423r19731895ii 000 0 eng
020 ## - INTERNATIONAL STANDARD BOOK NUMBER
International Standard Book Number 8170300924 :
Terms of availability Rs280.00
035 ## - SYSTEM CONTROL NUMBER
system control number (BD-JhCC)10309
040 ## - CATALOGING SOURCE
Original cataloging agency DLC
Transcribing agency DLC
Modifying agency DLC
-- BD-JhCC
041 ## - LANGUAGE CODE
Language code of Book eng
050 00 - LIBRARY OF CONGRESS CALL NUMBER
Classification number MLCM 86/5038 (H)
082 ## - DEWEY DECIMAL CLASSIFICATION NUMBER
Author mark and Year BIL 1973
Classification number 915.4
100 1# - MAIN ENTRY--PERSONAL NAME
Personal name Billington, Mary Frances.
245 10 - TITLE STATEMENT
Title Woman in India /
Statement of responsibility, etc by Mary Frances Billington ; with introduction by the Marichioness [sic] of Dufferin and Ava C.I.
260 ## - PUBLICATION, DISTRIBUTION, ETC. (IMPRINT)
Place of publication, distribution, etc Delhi, India :
Name of publisher, distributor, etc Sri Satguru Publications,
Date of publication, distribution, etc 1973.
300 ## - PHYSICAL DESCRIPTION
Pagination 269p. :
Other physical details ill., ports. ;
Dimensions 23 cm.
650 ## - SUBJECT ADDED ENTRY--TOPICAL TERM
Topical term or geographic name as entry element Women--Social conditions
Geographic subdivision India
942 ## - ADDED ENTRY ELEMENTS (KOHA)
Source of classification or shelving scheme Dewey Decimal Classification
Koha item type Reference
Holdings
Source of classification or shelving scheme Damaged status Not for loan Home library Current library Shelving location Date of accession Total Checkouts Full call number Barcode Date last seen Copy number Koha item type
Dewey Decimal Classification     JCC Rouf Library JCC Rouf Library General Stacks 04/23/2018   915.4 BIL 1973 13027 04/23/2018 C-1 Reference

JCC Library | Contacts | JCC Home

Last Update on 23 September 2017
Copyright @ 2017-2020 JCC Rouf Library
Rouf Library, Jhenidah Cadet College (JCC), Bangladesh